| 000 | 00935 a2200193 4500 | ||
|---|---|---|---|
| 003 | Nust | ||
| 005 | 20170207154159.0 | ||
| 010 | _a 73166878 | ||
| 020 | _a0046210180 | ||
| 040 | _cNust | ||
| 082 | 0 | 0 | _a621.38 |
| 100 | 1 | _aHills, M. T. | |
| 245 | 1 | 0 |
_aTransmission systems, _cby M. T. Hills and B. G. Evans. |
| 260 |
_aLondon, _bAllen and Unwin, _c1973. |
||
| 300 |
_a3-271 p. _billus. _c24 cm. |
||
| 505 | _aSystem Design Problem (Page-15) Basic Principles of Line Communication (Page-30) Transmission Planning for Speech Networks (Page-58) F.D.M Systems (Page-80) Propagation (Page-109) Radio Systems (Page-140) Microwave Transmission Systems (Page-150) Satellite Communication Systems (Page-176) Programme and Television Transmission (Page-199) P.C.M. Systems (Page-205) Telegraphy systems (Page-218) Data Systems (Page-230) Tomorrow Transmission Systems (Page-240) | ||
| 650 | 0 | _aTelecommunication systems. | |
| 700 | 1 | _aEvans, B. G. | |
| 942 |
_2ddc _cBK |
||
| 999 |
_c194640 _d194640 |
||